| 000 | 00371nam a22001337a 4500 | ||
|---|---|---|---|
| 020 | _qHB. | ||
| 040 | _cFIZZA ISHAQ | ||
| 082 |
_a940.20 _bWIL |
||
| 100 |
_aDAVIS,STEARNS DAVIS. _9134384 |
||
| 245 |
_aTHE COURSE OF EUROPE SINCE WATERLOO / _cWILLIAM STEARNS DAVIS. |
||
| 260 |
_aNEW YORK ; _bD.APPLETON CENTURY, _c1941. |
||
| 300 |
_a901 P. ; _c9.9X6.6IN |
||
| 942 |
_2ddc _cBK |
||
| 999 |
_c617362 _d617362 |
||